[Event "Mittelfrank Regionalliga Nord-West 2122"]
[Site "Mittelfranken"]
[Date "2022.03.20"]
[Round "4.1"]
[White "Oehrlein, Thomas"]
[Black "Junker, Magnus"]
[Result "1/2-1/2"]
[WhiteElo "2079"]
[BlackElo "2148"]
[PlyCount "39"]
[EventDate "2021.10.24"]
[EventType "team-tourn"]
[EventRounds "9"]
[EventCountry "GER"]
[SourceTitle "EXT 2024"]
[Source "ChessBase"]
[SourceDate "2023.10.10"]
[SourceVersion "1"]
[SourceVersionDate "2023.10.10"]
[SourceQuality "1"]
[WhiteTeam "Bamberg II"]
[BlackTeam "Sailauf"]
[WhiteTeamCountry "GER"]
[BlackTeamCountry "GER"]

1. e4 c5 2. Nc3 Nc6 3. g3 g6 4. Bg2 Bg7 5. d3 Nf6 6. f4 d6 7. Nf3 0-0 8. 0-0 Rb8 9. a4 a6 10. h3 b5 11. axb5 axb5 12. g4 Bd7 13. Qe1 b4 14. Nd1 Ra8 15. Rxa8 Qxa8 16. Qh4 b3 17. c3 Qa6 18. Nf2 Rb8 19. Re1 e5 20. f5 1/2-1/2

[Event "Mittelfrank Regionalliga Nord-West 2122"]
[Site "Mittelfranken"]
[Date "2021.10.24"]
[Round "1.1"]
[White "Junker, Magnus"]
[Black "Shashkin, Igor"]
[Result "1-0"]
[WhiteElo "2148"]
[BlackElo "2017"]
[PlyCount "63"]
[EventDate "2021.10.24"]
[EventType "team-tourn"]
[EventRounds "9"]
[EventCountry "GER"]
[SourceTitle "EXT 2024"]
[Source "ChessBase"]
[SourceDate "2023.10.10"]
[SourceVersion "1"]
[SourceVersionDate "2023.10.10"]
[SourceQuality "1"]
[WhiteTeam "Sailauf"]
[BlackTeam "Hof PTSV"]
[WhiteTeamCountry "GER"]
[BlackTeamCountry "GER"]

1. d4 Nf6 2. c4 g6 3. Nc3 Bg7 4. e4 d6 5. f4 0-0 6. Nf3 c5 7. d5 e6 8. Bd3 exd5 9. cxd5 b5 10. Bxb5 Nxe4 11. Nxe4 Qa5+ 12. Kf2 Qxb5 13. Nxd6 Qd7 14. Nxc8 Rxc8 15. Re1 Rd8 16. Be3 Qxd5 17. Qxd5 Rxd5 18. Rad1 Rxd1 19. Rxd1 Na6 20. b3 Bf8 21. Rd7 Nb4 22. Ng5 Nxa2 23. Nxf7 Nc3 24. Ng5 Rb8 25. Nxh7 Bg7 26. Ng5 Bf6 27. Ne6 Rxb3 28. Nxc5 Rb2+ 29. Kf3 a5 30. Ra7 Nd5 31. Ne4 Bg7 32. Rxg7+ 1-0

[Event "GER-ch U18"]
[Site "Willingen"]
[Date "2020.10.23"]
[Round "6"]
[White "Tschernatsch, Johannes"]
[Black "Junker, Magnus"]
[Result "0-1"]
[WhiteElo "2251"]
[BlackElo "2093"]
[PlyCount "86"]
[EventDate "2020.10.19"]
[EventType "swiss"]
[EventRounds "7"]
[EventCountry "GER"]
[SourceTitle "EXT 2022"]
[Source "ChessBase"]
[SourceDate "2021.10.06"]
[SourceVersion "1"]
[SourceVersionDate "2021.10.06"]
[SourceQuality "1"]

1. e4 c5 2. Nf3 g6 3. c4 Bg7 4. d4 cxd4 5. Nxd4 Nc6 6. Be3 Nf6 7. Nc3 0-0 8. Be2 d6 9. 0-0 Nxd4 10. Bxd4 Be6 11. Rc1 Qa5 12. a3 Rfc8 13. Nd5 Bxd5 14. exd5 a6 15. Qd3 Qd8 16. b4 a5 17. Bf3 axb4 18. axb4 Nd7 19. c5 Ne5 20. Bxe5 Bxe5 21. c6 Qb6 22. Rc4 Ra2 23. g3 Rb2 24. Qe3 Rxb4 25. Rxb4 Qxb4 26. Qa7 bxc6 27. dxc6 e6 28. Qb7 Qxb7 29. cxb7 Rb8 30. Re1 Kg7 31. Bc6 Kf6 32. f4 Bd4+ 33. Kg2 Ke7 34. Kf3 Kd8 35. Rc1 d5 36. g4 Ke7 37. Rd1 Kd6 38. Ba4 Bb2 39. Rb1 Rxb7 40. f5 e5 41. Be8 e4+ 42. Ke2 gxf5 43. gxf5 d4 0-1

[Event "GER-chT Lands U20"]
[Site "Berlin"]
[Date "2020.09.30"]
[Round "1.2"]
[White "Junker, Magnus"]
[Black "Basovskiy, Jana"]
[Result "1-0"]
[WhiteElo "2093"]
[BlackElo "1760"]
[PlyCount "51"]
[EventDate "2020.09.29"]
[EventType "team-swiss"]
[EventRounds "7"]
[EventCountry "GER"]
[SourceTitle "CBM 198 Extra"]
[Source "ChessBase"]
[SourceDate "2020.11.30"]
[SourceVersion "1"]
[SourceVersionDate "2020.11.30"]
[SourceQuality "1"]
[WhiteTeam "Bayern U20"]
[BlackTeam "Baden U20"]
[WhiteTeamCountry "GER"]
[BlackTeamCountry "GER"]

1. e4 c5 2. Nf3 e6 3. d4 cxd4 4. Nxd4 Nf6 5. f3 Nc6 6. Nc3 Bc5 7. Nb3 Bb6 8. Bf4 d5 9. exd5 exd5 10. Qd2 Qe7+ 11. Be2 Be6 12. Nb5 Rd8 13. N5d4 0-0 14. 0-0-0 Rc8 15. Kb1 Nxd4 16. Nxd4 Bd7 17. Rhe1 Qc5 18. c3 Rfe8 19. Bd3 Qa5 20. Nf5 Bxf5 21. Bxf5 Rxe1 22. Rxe1 Rc4 23. g4 d4 24. Qe2 g6 25. Bh6 Qb5 26. Bd3 1-0

[Event "GER-chT Lands U20"]
[Site "Wuerzburg"]
[Date "2019.10.02"]
[Round "2.8"]
[White "Junker, Magnus"]
[Black "Zha, Kevin"]
[Result "1-0"]
[WhiteElo "2059"]
[BlackElo "1923"]
[PlyCount "81"]
[EventDate "2019.10.01"]
[EventType "team-swiss"]
[EventRounds "7"]
[EventCountry "GER"]
[SourceTitle "EXT 2020"]
[Source "ChessBase"]
[SourceDate "2019.10.17"]
[SourceVersion "1"]
[SourceVersionDate "2019.10.17"]
[SourceQuality "1"]
[WhiteTeam "Bayern II"]
[BlackTeam "Saarland"]
[WhiteTeamCountry "GER"]
[BlackTeamCountry "GER"]

1. e4 g6 2. d4 Bg7 3. Be3 d6 4. Nc3 a6 5. f3 b5 6. a3 Nd7 7. Nge2 Bb7 8. h4 h5 9. Qd2 c5 10. dxc5 Nxc5 11. Nd4 Nf6 12. 0-0-0 Rc8 13. Kb1 Nfd7 14. b4 Ne6 15. Nxe6 fxe6 16. Bd4 e5 17. Be3 Qc7 18. Na2 Nb6 19. Bxb6 Qxb6 20. Bd3 Bh6 21. Qe1 0-0 22. Qg3 Kh7 23. Qh3 Ra8 24. g4 Bc8 25. Qg2 Be6 26. Rhg1 Rg8 27. Nc3 a5 28. Nd5 Qa7 29. Bxb5 axb4 30. a4 Bd7 31. Bxd7 Qxd7 32. Nb6 Qa7 33. Nxa8 Be3 34. gxh5 Bxg1 35. Rxg1 Qxa8 36. hxg6+ Kg7 37. Qg5 Qa7 38. h5 Rh8 39. Rg2 Rh6 40. Qxh6+ Kxh6 41. g7 1-0

[Event "Regionalliga Nord-West 1819"]
[Site "Bayern"]
[Date "2018.11.25"]
[Round "3.2"]
[White "Stauch, Edgar"]
[Black "Junker, Magnus"]
[Result "0-1"]
[WhiteElo "2051"]
[BlackElo "2107"]
[PlyCount "54"]
[EventDate "2018.10.21"]
[EventType "team-tourn"]
[EventRounds "9"]
[EventCountry "GER"]
[SourceTitle "EXT 2022"]
[Source "ChessBase"]
[SourceDate "2021.10.06"]
[SourceVersion "1"]
[SourceVersionDate "2021.10.06"]
[SourceQuality "1"]
[WhiteTeam "Kronach"]
[BlackTeam "Sailauf"]
[WhiteTeamCountry "GER"]
[BlackTeamCountry "GER"]

1. c4 e6 2. d4 Nf6 3. Nc3 d5 4. cxd5 exd5 5. Bg5 Nbd7 6. e3 c6 7. Bd3 Be7 8. Qc2 0-0 9. Nge2 Re8 10. 0-0 h6 11. Bh4 Nh5 12. Bxe7 Qxe7 13. Rab1 Qg5 14. f4 Qe7 15. Rf3 Ndf6 16. h3 g5 17. fxg5 hxg5 18. Bf5 g4 19. hxg4 Nxg4 20. Bxc8 Nxe3 21. Qd3 Raxc8 22. Nf4 Nxf4 23. Rxf4 Qg5 24. Rf2 Re6 25. Re1 Ng4 26. Rfe2 Qh4 27. Qh3 Qxe1+ 0-1

[Event "Regionalliga Nord-West 1718"]
[Site "Bayern"]
[Date "2017.12.10"]
[Round "4.3"]
[White "Stauch, Edgar"]
[Black "Junker, Magnus"]
[Result "0-1"]
[WhiteElo "2053"]
[BlackElo "2038"]
[PlyCount "98"]
[EventDate "2017.10.22"]
[EventType "team-tourn"]
[EventRounds "9"]
[EventCountry "GER"]
[SourceTitle "EXT 2022"]
[Source "ChessBase"]
[SourceDate "2021.10.06"]
[SourceVersion "1"]
[SourceVersionDate "2021.10.06"]
[SourceQuality "1"]
[WhiteTeam "Kronach"]
[BlackTeam "Sailauf"]
[WhiteTeamCountry "GER"]
[BlackTeamCountry "GER"]

1. c4 Nf6 2. Nc3 e6 3. e4 Nc6 4. Nf3 e5 5. Be2 Bc5 6. 0-0 d6 7. d3 Bg4 8. a3 a5 9. Rb1 Qd7 10. Nd5 a4 11. Bg5 Bxf3 12. Bxf3 Nxd5 13. Bg4 f5 14. Bxf5 Qf7 15. cxd5 Nd4 16. Bh3 0-0 17. Be3 Kh8 18. Kh1 c6 19. Bxd4 Bxd4 20. Be6 Qf4 21. f3 Rf6 22. Bh3 c5 23. Qe2 b5 24. b3 b4 25. bxa4 bxa3 26. g3 Qe3 27. Qxe3 Bxe3 28. Rb3 a2 29. Ra3 Rf7 30. Rxa2 Rfa7 31. Rb1 g6 32. Be6 Rxa4 33. Rxa4 Rxa4 34. Bd7 Ra3 35. Rb8+ Kg7 36. Rb7 h5 37. Bb5+ Kh6 38. Rd7 Ra1+ 39. Kg2 Rg1+ 40. Kh3 Rb1 41. Bc6 Rb2 42. Rb7 Rd2 43. Rb1 Rxd3 44. Rb2 Bd4 45. Bb5 Rxf3 46. Re2 Rf1 47. Bc6 g5 48. Ra2 g4+ 49. Kh4 Be3 0-1

[Event "GER-ch U16"]
[Site "Willingen"]
[Date "2017.06.09"]
[Round "8"]
[White "Zienert, Richard"]
[Black "Junker, Magnus"]
[Result "1-0"]
[WhiteElo "2170"]
[BlackElo "1913"]
[PlyCount "36"]
[EventDate "2017.06.04"]
[EventType "swiss"]
[EventRounds "9"]
[EventCountry "GER"]
[SourceTitle "CBM 178 Extra"]
[Source "ChessBase"]
[SourceDate "2017.06.22"]
[SourceVersion "1"]
[SourceVersionDate "2017.06.22"]
[SourceQuality "1"]

1. e4 c5 2. Nf3 d6 3. d4 cxd4 4. Nxd4 Nf6 5. Nc3 a6 6. Bg5 e6 7. f4 Be7 8. Qf3 h6 9. Bh4 Qc7 10. 0-0-0 Nbd7 11. Be2 b5 12. Bxf6 Nxf6 13. e5 Bb7 14. Qg3 dxe5 15. fxe5 Ne4 16. Nxe6 Bg5+ 17. Qxg5 Qb6 18. Qxg7 Rg8 1-0

[Event "GER-ch U16"]
[Site "Willingen"]
[Date "2017.06.06"]
[Round "4"]
[White "Wendler, David"]
[Black "Junker, Magnus"]
[Result "1-0"]
[WhiteElo "2088"]
[BlackElo "1913"]
[PlyCount "79"]
[EventDate "2017.06.04"]
[EventType "swiss"]
[EventRounds "9"]
[EventCountry "GER"]
[SourceTitle "CBM 178 Extra"]
[Source "ChessBase"]
[SourceDate "2017.06.22"]
[SourceVersion "1"]
[SourceVersionDate "2017.06.22"]
[SourceQuality "1"]

1. e4 c5 2. c3 Nf6 3. e5 Nd5 4. d4 cxd4 5. Nf3 e6 6. cxd4 d6 7. Bc4 Nc6 8. 0-0 Be7 9. exd6 Bxd6 10. Nc3 Nb6 11. Bb3 Ne7 12. Re1 0-0 13. Bg5 f6 14. Be3 Kh8 15. Qe2 Nbd5 16. a3 Bd7 17. Rad1 Rc8 18. Ne4 Qb6 19. Nfd2 Nf4 20. Bxf4 Bxf4 21. Nc5 Bxd2 22. Rxd2 Bb5 23. Qxe6 Ng6 24. Qxb6 axb6 25. Nxb7 Rce8 26. Rdd1 Be2 27. Rc1 Nf4 28. Nd6 Re7 29. Rc3 g6 30. g3 Nh3+ 31. Kg2 Ng5 32. h4 Bf3+ 33. Rxf3 Rxe1 34. hxg5 f5 35. Re3 Rb1 36. Re2 Kg7 37. Re7+ Kh8 38. Ne8 Rxb2 39. Nf6 Rxf6 40. Re8+ 1-0